000
00315nam a2200109Ia 4500
008
160609s9999 xx 000 0 und d
100
_a
McLean, Scott.
245
_a
Business English for Success
245
_c
by Scott McLean
260
_c
2011
856
_u
http://open.umn.edu/opentextbooks/BookDetail.aspx?bookId=65
999
_c
295683
_d
295683